| 000 | 00687nam a22001695i 4500 | ||
|---|---|---|---|
| 001 | 165828 | ||
| 003 | ES-MaACL | ||
| 005 | 20230906213219.0 | ||
| 008 | 000107s1875 it abe |||| | ita d | ||
| 040 |
_aCCPB | B _bspa _cCCPB | B |
||
| 245 | 0 | 0 |
_aStudi bibliografici e biografici sulla storia della geografia in Italia / _cpubblicati per cura della Deputazione Ministeriale istituita presso la Società Geografica Italiana. |
| 260 |
_aRoma : _btipografia Elzeviriana, _c1875. |
||
| 300 |
_aXVI, [12], 507 p., [1] h. de plan. pleg., [2] h. de map. col. pelg. ; _c28 cm. |
||
| 651 | 0 | 4 |
_aItalia- _xHistoria. _98866 |
| 752 |
_aItalia - _dRoma |
||
| 852 |
_aES-MaACL _jG-8132 _z-- Enc. hol. |
||
| 999 |
_c165828 _d165828 |
||